00777nam a22002057a 4500003000900000008004100009020001800050040007100068082001700139100001700156245001800173260003500191300002800226440004800254505017200302650003300474650001800507650000900525700003700534AR-CdUCM190325b ||||| |||| 00| 0 spa d a84-281-0302-X aMUNICIPALIDAD PROVINCIAL DEL CUSCOcBIBLIOTECA MUNICIPAL DEL CUSCO a154.7 /bB25 aBaruk, Henri aLa hipnosis / aBarcelona :bOikos-tau,c1975. a141 páginas ;c17 cm. aColección ¿Qué sé? nueva serie.n110 aContenido: La histeria -- Catalepsia y sueño cataléptico -- La hipnosis o catalepsia provocada -- El psicoanálisis -- Anestesiología y sofrología -- El yoga. aLa hipnosis personal, animal aEl hipnotismo aYoga aFerrer, Alexandre (traducción)